| LEADER 00000nam 2200000uu 4500 |
| 001 211768 |
| 003 ULIBM |
| 008 020711s2560 th a 000 0 tha d |
| 041 ^atha
|
| 060 4 วจ WY20.5 ศ722ผ 2560
|
| 100 ศุภวดี แถวเพีย
|
| 245 รายงานวิจัยเรื่อง ผลการจัดการสอนแบบผสมผสานในวิชาการพยาบาลมารดาทารกและการผดุงครรภ์ 1 ต่อ ผลสัมฤทธิ์การเรียน ความพึงพอใจ และการเรียนรู้ด้วยตนเองของนักศึกษาพยาบาลศาสตรบัณฑิต=^bThe impact of blended teaching on learning achievement, satisfaction, and self-directed learning in nursing students/^cศุภวดี แถวเพีย, รัชนี พจนา, สุธิดา อินทรเพชร
|
| 246 31 ^aThe impact of blended teaching on learning achievement, satisfaction, and self-directed learning in nursing students
|
| 260 ขอนแก่น :^bวิทยาลัยพยาบาลบรมราชชนนี ขอนแก่น,^c2560
|
| 300 ก-ช,104 หน้า :^bภาพประกอบ ;^c29 ซม.
|
| 650 4 การพยาบาล
|
| 650 4 ^aพยาบาล,การศึกษา
|
| 650 4 ^aการเรียนการสอนแบบผสมผสาน
|
| 650 4 ^aวิจัย
|
| 700 0 ^aรัชนี พจนา
|
| 700 0 ^aสุธิดา อินทรเพชร
|
| 710 2 ^aขอนแก่น. วิทยาลัยพยาบาลบรมราชชนนี
|
| 999 ^aใช้งานได้ทุกระบบ
|